[Event "FAI-chT3 1920"]
[Site "Faroe Islands"]
[Date "2019.11.17"]
[Round "4.3"]
[White "Av Tuvuvolli, Jakup A"]
[Black "Jacobsen, Markus"]
[Result "1/2-1/2"]
[WhiteElo "1631"]
[BlackElo "1111"]
[PlyCount "58"]
[EventDate "2019.10.13"]
[EventType "team-tourn"]
[EventRounds "11"]
[EventCountry "FAI"]
[SourceTitle "CBM 195 Extra"]
[Source "ChessBase"]
[SourceDate "2020.05.31"]
[SourceVersion "1"]
[SourceVersionDate "2020.05.31"]
[SourceQuality "1"]
[WhiteTeam "Sandavagur III"]
[BlackTeam "Kollafjordur IV"]
[WhiteTeamCountry "FAI"]
[BlackTeamCountry "FAI"]

1. e4 e5 2. Nf3 Nc6 3. Bb5 a6 4. Ba4 Nf6 5. d3 h6 6. Bxc6 dxc6 7. Nxe5 Bc5 8. Nf3 Bg4 9. 0-0 Qd7 10. c3 0-0-0 11. e5 Ne4 12. d4 Rhe8 13. Qe2 Qd5 14. Re1 f5 15. dxc5 Rxe5 16. Qe3 Re7 17. Nd4 Rde8 18. f3 Nxc5 19. Qxe7 Rxe7 20. Rxe7 Bh5 21. Bf4 g5 22. Bg3 f4 23. Bf2 g4 24. Nd2 Nd3 25. b3 c5 26. Nc2 Qg5 27. Re2 gxf3 28. Bh4 Qxh4 29. Nxf3 Qf6 1/2-1/2

[Event "FAI-chT3 1920"]
[Site "Faroe Islands"]
[Date "2019.11.03"]
[Round "3.2"]
[White "Av Tuvuvolli, Jakup A"]
[Black "Hansen, Jens Kristian"]
[Result "0-1"]
[WhiteElo "1631"]
[BlackElo "2108"]
[PlyCount "64"]
[EventDate "2019.10.13"]
[EventType "team-tourn"]
[EventRounds "11"]
[EventCountry "FAI"]
[SourceTitle "CBM 195 Extra"]
[Source "ChessBase"]
[SourceDate "2020.05.31"]
[SourceVersion "1"]
[SourceVersionDate "2020.05.31"]
[SourceQuality "1"]
[WhiteTeam "Sandavagur III"]
[BlackTeam "Toftir"]
[WhiteTeamCountry "FAI"]
[BlackTeamCountry "FAI"]

1. e4 d6 2. d4 Nf6 3. Nc3 g6 4. Nf3 Bg7 5. Be2 0-0 6. 0-0 c5 7. d5 Bg4 8. h3 Bd7 9. Bf4 b5 10. Bxb5 Nxe4 11. Nxe4 Bxb5 12. Re1 Nd7 13. c3 Nb6 14. Qd2 Bc4 15. b3 Bxd5 16. Rad1 Qc8 17. c4 Bc6 18. Bh6 Qb7 19. Bxg7 Kxg7 20. Qc3+ Kg8 21. Ned2 Rae8 22. h4 e5 23. h5 gxh5 24. Nh4 f5 25. Qg3+ Kh8 26. Qc3 Qg7 27. Nhf3 Re6 28. a4 Rg6 29. g3 f4 30. Nh4 Rg4 31. Kh2 Rxh4+ 32. gxh4 Qg2# 0-1

[Event "FAI-chT3 1718"]
[Site "Faroe Islands"]
[Date "2018.02.17"]
[Round "6.2"]
[White "Av Tuvuvolli, Jakup A"]
[Black "Anthoniussen, Mannbjorn"]
[Result "0-1"]
[WhiteElo "1619"]
[BlackElo "1472"]
[PlyCount "80"]
[EventDate "2017.10.22"]
[EventType "team-tourn"]
[EventRounds "9"]
[EventCountry "FAI"]
[SourceTitle "EXT 2020"]
[Source "ChessBase"]
[SourceDate "2019.10.17"]
[SourceVersion "1"]
[SourceVersionDate "2019.10.17"]
[SourceQuality "1"]
[WhiteTeam "Sandavagur III"]
[BlackTeam "Klaksvik IV"]
[WhiteTeamCountry "FAI"]
[BlackTeamCountry "FAI"]

1. e4 e5 2. Nf3 Nc6 3. Bb5 a6 4. Ba4 b5 5. Bb3 d6 6. c3 Na5 7. Bc2 Bg4 8. d3 Nf6 9. 0-0 Be7 10. Nbd2 0-0 11. Re1 Nc6 12. Nf1 h6 13. h3 Bh5 14. Ng3 Bg6 15. Nh4 Nd7 16. Nhf5 Bg5 17. Qg4 Bxc1 18. Raxc1 Nf6 19. Qf3 Nh7 20. a3 Ne7 21. Nxe7+ Qxe7 22. Bb3 Ng5 23. Qg4 Ne6 24. Bd5 Rab8 25. Bxe6 Qxe6 26. Qxe6 fxe6 27. d4 c5 28. Red1 Rfe8 29. Rd2 exd4 30. cxd4 c4 31. f3 d5 32. e5 b4 33. Ra1 c3 34. Rf2 c2 35. Rff1 bxa3 36. Rxa3 Rxb2 37. Raa1 Reb8 38. Rfc1 Rb1 39. Ne2 Rxa1 40. Rxa1 Rb1+ 0-1

[Event "FAI-chT3 1718"]
[Site "Faroe Islands"]
[Date "2018.02.17"]
[Round "7.2"]
[White "Hansen, Jens Christian1111"]
[Black "Av Tuvuvolli, Jakup A"]
[Result "1-0"]
[WhiteElo "2123"]
[BlackElo "1619"]
[PlyCount "45"]
[EventDate "2017.10.22"]
[EventType "team-tourn"]
[EventRounds "9"]
[EventCountry "FAI"]
[SourceTitle "EXT 2020"]
[Source "ChessBase"]
[SourceDate "2019.10.17"]
[SourceVersion "1"]
[SourceVersionDate "2019.10.17"]
[SourceQuality "1"]
[WhiteTeam "Toftir"]
[BlackTeam "Sandavagur III"]
[WhiteTeamCountry "FAI"]
[BlackTeamCountry "FAI"]

1. d4 e6 2. e4 d5 3. Nd2 Nf6 4. e5 Nfd7 5. Bd3 c5 6. c3 Nc6 7. Ne2 Qb6 8. Nf3 Be7 9. 0-0 Qc7 10. Be3 a6 11. a3 c4 12. Bc2 0-0 13. Nf4 b5 14. Nh3 Nb6 15. Nfg5 g6 16. Nxh7 Rd8 17. N3g5 Bd7 18. Qf3 Be8 19. Qh3 Kg7 20. Nf6 Bxf6 21. Qh7+ Kf8 22. exf6 Ne7 23. Qg7# 1-0

[Event "FAI-chT3 1718"]
[Site "Faroe Islands"]
[Date "2018.01.07"]
[Round "3.2"]
[White "Andreasen, Jon S"]
[Black "Av Tuvuvolli, Jakup A"]
[Result "1-0"]
[WhiteElo "1732"]
[BlackElo "1619"]
[PlyCount "89"]
[EventDate "2017.10.22"]
[EventType "team-tourn"]
[EventRounds "9"]
[EventCountry "FAI"]
[SourceTitle "EXT 2020"]
[Source "ChessBase"]
[SourceDate "2019.10.17"]
[SourceVersion "1"]
[SourceVersionDate "2019.10.17"]
[SourceQuality "1"]
[WhiteTeam "Havnin V"]
[BlackTeam "Sandavagur III"]
[WhiteTeamCountry "FAI"]
[BlackTeamCountry "FAI"]

1. e4 c5 2. e5 d5 3. f4 e6 4. Nf3 a6 5. c3 Nc6 6. Bd3 Qb6 7. Qb3 Qa7 8. Qc2 g6 9. Be2 Nge7 10. d3 Bg7 11. Be3 Nf5 12. Bf2 h5 13. Nbd2 b6 14. 0-0-0 Bh6 15. g3 Bd7 16. Kb1 Rc8 17. a3 Qb7 18. h3 d4 19. Ne4 Bf8 20. Nf6+ Kd8 21. g4 Ng7 22. Ng5 Be8 23. Bf3 Qc7 24. Bh4 Be7 25. Nge4 Rb8 26. Nd6 b5 27. Ndxe8 Nxe8 28. Qg2 Rc8 29. Nxe8 Kxe8 30. Bxe7 Kxe7 31. gxh5 gxh5 32. Qg5+ Kd7 33. Qf6 Rcf8 34. Rhg1 Ke8 35. Rg7 Nd8 36. cxd4 cxd4 37. Rc1 Qe7 38. Rc8 Qxf6 39. exf6 Kd7 40. Ra8 Rh6 41. Rxa6 Rxf6 42. Bxh5 Rxf4 43. Rg5 f6 44. Rg7+ Kc8 45. Ra8# 1-0

[Event "FAI-chT3 1718"]
[Site "Faroe Islands"]
[Date "2017.12.03"]
[Round "2.2"]
[White "Av Tuvuvolli, Jakup A"]
[Black "Skuvadal, Frodi"]
[Result "1-0"]
[WhiteElo "1619"]
[BlackElo "1635"]
[PlyCount "125"]
[EventDate "2017.10.22"]
[EventType "team-tourn"]
[EventRounds "9"]
[EventCountry "FAI"]
[SourceTitle "EXT 2020"]
[Source "ChessBase"]
[SourceDate "2019.10.17"]
[SourceVersion "1"]
[SourceVersionDate "2019.10.17"]
[SourceQuality "1"]
[WhiteTeam "Sandavagur III"]
[BlackTeam "Vestmanna II"]
[WhiteTeamCountry "FAI"]
[BlackTeamCountry "FAI"]

1. e4 c5 2. Nf3 Nc6 3. d4 cxd4 4. Nxd4 g6 5. Nxc6 bxc6 6. Qd4 f6 7. Nc3 e5 8. Qd1 Bb4 9. Bc4 Ne7 10. Bh6 d5 11. exd5 cxd5 12. Bb5+ Bd7 13. Bxd7+ Qxd7 14. 0-0 Bxc3 15. bxc3 Nf5 16. Bc1 0-0 17. Qe2 Qc6 18. Bb2 Rae8 19. Ba3 Rf7 20. Qd2 Nh4 21. f3 e4 22. fxe4 dxe4 23. Rad1 e3 24. Qd5 Qxc3 25. Rd3 Qe5 26. Qxe5 Rxe5 27. Re1 e2 28. Bc1 Rfe7 29. Bh6 g5 30. Rd8+ Kf7 31. Bf8 Re8 32. Rxe8 Rxe8 33. Bb4 Re4 34. a3 f5 35. Kf2 Rf4+ 36. Kg1 Re4 37. Kf2 Ke6 38. g3 Ng6 39. Rxe2 Rxe2+ 40. Kxe2 f4 41. Kf3 Ne5+ 42. Kf2 f3 43. h3 h5 44. Bc5 a6 45. Be3 g4 46. h4 Kd5 47. Ke1 Ke4 48. Bc1 Nc4 49. Kf2 Kd4 50. Ke1 Kc3 51. Kd1 Nb2+ 52. Bxb2+ Kxb2 53. c4 Kc3 54. c5 Kd3 55. Ke1 Ke3 56. c6 f2+ 57. Kf1 Kf3 58. c7 Kxg3 59. c8Q Kh2 60. Qb7 Kh3 61. Kxf2 Kxh4 62. Qh1+ Kg5 63. Kg3 1-0

[Event "FAI-chT3 1617"]
[Site "Faroe Islands"]
[Date "2017.02.12"]
[Round "7.2"]
[White "Av Tuvuvolli, Jakup A"]
[Black "Gregersen, Hedin"]
[Result "1-0"]
[WhiteElo "1641"]
[BlackElo "1672"]
[PlyCount "83"]
[EventDate "2016.10.23"]
[EventType "team-tourn"]
[EventRounds "9"]
[EventCountry "FAI"]
[SourceTitle "EXT 2020"]
[Source "ChessBase"]
[SourceDate "2019.10.17"]
[SourceVersion "1"]
[SourceVersionDate "2019.10.17"]
[SourceQuality "1"]
[WhiteTeam "Sandavagur III"]
[BlackTeam "Klaksvik III"]
[WhiteTeamCountry "FAI"]
[BlackTeamCountry "FAI"]

1. e4 g6 2. d4 d6 3. c4 Bg7 4. Nc3 Nf6 5. Nf3 0-0 6. Bd3 Nbd7 7. 0-0 c5 8. d5 Ng4 9. Bd2 Nge5 10. Nxe5 Nxe5 11. Be2 f5 12. f4 Nf7 13. Bf3 Nh6 14. h3 fxe4 15. Bxe4 Nf5 16. Bxf5 Bxf5 17. Qe2 e5 18. dxe6 Re8 19. Rae1 Bxe6 20. Qd3 Qh4 21. b3 Bf5 22. Qd5+ Kh8 23. Qf3 b6 24. Nb5 Bd7 25. Nc7 Bd4+ 26. Kh2 Rac8 27. Nxe8 Bxe8 28. Bc3 Bxc3 29. Qxc3+ Kg8 30. Qd3 Bf7 31. Qxd6 Rd8 32. Qe7 Qxe7 33. Rxe7 Rd2 34. Rxa7 Be8 35. Re1 Bc6 36. Rg1 Bd7 37. Rb7 Kg7 38. a4 Rd6 39. Re1 Kf6 40. Re5 Rd4 41. Rd5 Bc6 42. Rxb6 1-0

[Event "FAI-chT3 1617"]
[Site "Faroe Islands"]
[Date "2017.01.28"]
[Round "6.3"]
[White "Av Tuvuvolli, Jakup A"]
[Black "Larsen, Finn W"]
[Result "0-1"]
[WhiteElo "1641"]
[BlackElo "1578"]
[PlyCount "32"]
[EventDate "2016.10.23"]
[EventType "team-tourn"]
[EventRounds "9"]
[EventCountry "FAI"]
[SourceTitle "EXT 2020"]
[Source "ChessBase"]
[SourceDate "2019.10.17"]
[SourceVersion "1"]
[SourceVersionDate "2019.10.17"]
[SourceQuality "1"]
[WhiteTeam "Sandavagur III"]
[BlackTeam "Havnin VI"]
[WhiteTeamCountry "FAI"]
[BlackTeamCountry "FAI"]

1. e4 e6 2. d4 b6 3. c4 Bb7 4. d5 exd5 5. exd5 Bc5 6. Nf3 h6 7. Bd3 Nf6 8. h3 0-0 9. 0-0 c6 10. dxc6 Nxc6 11. a3 a5 12. Nc3 Qc7 13. Nb5 Qb8 14. Bd2 Ne5 15. Nxe5 Qxe5 16. Rb1 Qg3 0-1